Drafting (Record no. 7498)

MARC details
000 -LEADER
fixed length control field 00614nam a22002057a 4500
003 - CONTROL NUMBER IDENTIFIER
control field OSt
005 - DATE AND TIME OF LATEST TRANSACTION
control field 20260305075920.0
008 - FIXED-LENGTH DATA ELEMENTS--GENERAL INFORMATION
fixed length control field 260116b |||||||| |||| 00| 0 eng d
040 ## - CATALOGING SOURCE
Original cataloging agency DWCL-Main Lib
Transcribing agency OC
082 ## - DEWEY DECIMAL CLASSIFICATION NUMBER
Classification number Res. 398.24 M114d 2010
100 ## - MAIN ENTRY--PERSONAL NAME
Personal name Macalalad, Noriel A. / Mandigma, Benito M. / Cuarto, Jade
245 ## - TITLE STATEMENT
Title Drafting
260 ## - PUBLICATION, DISTRIBUTION, ETC.
Place of publication, distribution, etc. Batangas:
Name of publisher, distributor, etc. United Eferza Academic Publications Co.,
Date of publication, distribution, etc. c2010.
300 ## - PHYSICAL DESCRIPTION
Extent 220 p.:
Other physical details ill.;
Dimensions 17 cm.
650 ## - SUBJECT ADDED ENTRY--TOPICAL TERM
Topical term or geographic name entry element Drafting. .
650 ## - SUBJECT ADDED ENTRY--TOPICAL TERM
Topical term or geographic name entry element Entrepreneur
650 ## - SUBJECT ADDED ENTRY--TOPICAL TERM
Topical term or geographic name entry element Business environment.
650 ## - SUBJECT ADDED ENTRY--TOPICAL TERM
Source of heading or term Concepts of design.
942 ## - ADDED ENTRY ELEMENTS (KOHA)
Source of classification or shelving scheme Dewey Decimal Classification
Koha item type Book- Reserved
Suppress in OPAC No
Call number suffix Res.
952 ## - LOCATION AND ITEM INFORMATION (KOHA)
--
952 ## - LOCATION AND ITEM INFORMATION (KOHA)
--
Holdings
Withdrawn status Lost status Source of classification or shelving scheme Damaged status Not for loan Home library Current library Shelving location Date acquired Source of acquisition Total Checkouts Full call number Barcode Date last seen Copy number Koha item type Uniform Resource Identifier
    Dewey Decimal Classification     Junior High School Library Junior High School Library Reserved 08/01/2011 Library Fund   Res. 398.24 M114d JHS - 15998 01/16/2026 c2 BK - FIL
    Dewey Decimal Classification     Junior High School Library Junior High School Library Reserved 08/01/2011 Library Fund   Res. 398.24 M114d JHS - 15997 01/16/2026 c1 BK - FIL